| 000 | 00576nam a2200205 a 4500 | ||
|---|---|---|---|
| 005 | 20220613131315.0 | ||
| 008 | 041028s2003 es r 000 0 spa d | ||
| 020 | _a8441413347 | ||
| 035 | _aUPN01000144188 | ||
| 049 | _aCG | ||
| 050 | 4 |
_aPQ7519 D3 _bA9.8a |
|
| 100 | 1 |
_aDarío, Rubén, _d1867-1916 |
|
| 245 | 1 | 0 |
_aAzul-- / _cRubén Darío ; pról. J. A. Bueno Alvarez. |
| 260 |
_aMadrid : _bEDAF, _c2003. |
||
| 300 | _a202 p. | ||
| 440 | 0 |
_aBiblioteca EDAF ; _v276 |
|
| 650 | 4 |
_aPoesía nicaragüense _91307 |
|
| 650 | 4 |
_aLITERATURA NICARAGUENSE _919408 |
|
| 905 | _aLibro | ||
| 999 |
_c116335 _d116335 |
||